രണ്ടു ചരിത്രകാരന്മാരും ഒരു യുവതിയും (Record no. 178110)

MARC details
000 -LEADER
fixed length control field 00596nam a22001697a 4500
010 ## - LCCN (DPL NO)
LC control number MAL-9235
020 ## - INTERNATIONAL STANDARD BOOK NUMBER
International Standard Book Number 978-93-5390-371-8
Terms of availability 110.00
035 ## - SYSTEM CONTROL NUMBER
System control number MA-8692
082 ## - DEWEY DECIMAL CLASSIFICATION NUMBER
Classification number 894.8123
Item number GRA
100 ## - MAIN ENTRY--PERSONAL NAME
Personal name ഗ്രേസി
245 ## - TITLE STATEMENT
Title രണ്ടു ചരിത്രകാരന്മാരും ഒരു യുവതിയും
Statement of responsibility, etc ഗ്രേസി
246 ## - VARYING FORM OF TITLE
Title proper/short title RANDU CHARITHRAKARANMARUM ORU YUVATHIYUM
260 ## - PUBLICATION, DISTRIBUTION, ETC. (IMPRINT)
Place of publication, distribution, etc Kottayam Kerala
Name of publisher, distributor, etc DC books
Date of publication, distribution, etc 2020
270 ## - ADDRESS
Address Dc books Kottayam Kerala
300 ## - PHYSICAL DESCRIPTION
Extent 94p.
Other physical details 20cm(pbk)
942 ## - ADDED ENTRY ELEMENTS (KOHA)
Source of classification or shelving scheme Dewey Decimal Classification
Item type Malayalam Bks
Classification part 894.8123
Call number suffix GRA
Holdings
Withdrawn status Lost status Not for loan Collection code Home library Current library Date acquired Source of acquisition Cost, normal purchase price Full call number Barcode Copy number Cost, replacement price Koha item type
      Non-fiction D.B.Act.Division D.B.Act.Division 17/03/2021 DBAD/PUB 110.00 894.8123 GRA MA-8692 1 110.00 Malayalam Bks

© Delhi Public Library
Hit Counter
free hit counter